<The> New Customer Path in the Digital Economy

Zákaznícka cesta v digitálnej ekonomike ako dôležitý aspekt pre úplné pochopenie organizácie. Stručný pohľad na pojem Cesta zákazníka a prístupy k používateľskej ceste. Identifikácia piatich modelov cesty zákazníkov, ktoré môžu viesť k lepšiemu porozumeniu používateľov v danej ekonomike.

Salvato in:
Dettagli Bibliografici
Autore principale: Chomová, Katarína, 1983-
Natura: Capitolo di libro
Lingua:inglese
Soggetti:
Tags: Aggiungi Tag
Nessun Tag, puoi essere il primo ad aggiungerne!!

MARC

LEADER 00000naa$a2200000$$$4500
001 0259354
005 20240502074112.4
041 0 |a eng 
044 |a SK 
245 1 0 |a <The> New Customer Path in the Digital Economy  |c Katarína Chomová 
520 |a Zákaznícka cesta v digitálnej ekonomike ako dôležitý aspekt pre úplné pochopenie organizácie. Stručný pohľad na pojem Cesta zákazníka a prístupy k používateľskej ceste. Identifikácia piatich modelov cesty zákazníkov, ktoré môžu viesť k lepšiemu porozumeniu používateľov v danej ekonomike. 
610 2 0 |a digitalizácia 
610 2 0 |a zákazníci 
610 2 0 |a technológie informačné 
610 2 0 |a technológie komunikačné 
610 2 0 |a technológie nové 
610 2 0 |a modely 
100 1 |a Chomová, Katarína, 1983-